000
00225 a2200097 4500
001
15065
100
_a
Durrel Gerald
245
_a
Three singles to adventure
260
_a
London
_b
Rupert hart davis
_c
090
_c
11820
_d
11820
942
_a
NUST-CAE
_c
M
_c
2026
999
_c
250138
_d
250138